Snapshots from high school : teachers' vs. professors' views (Record no. 77085)
[ view plain ]
| 000 -CABECERA | |
|---|---|
| campo de control de longitud fija | 00601nam a2200217 a 4500 |
| 005 - FECHA Y HORA DE LA ÚLTIMA TRANSACCIÓN | |
| campo de control | 20210219153439.0 |
| 008 - ELEMENTOS DE LONGITUD FIJA--INFORMACIÓN GENERAL | |
| campo de control de longitud fija | 991125n 000 0 eng u |
| 035 ## - NÚMERO DE CONTROL DEL SISTEMA | |
| Número de control de sistema | UPN01000100299 |
| 100 ## - ASIENTO PRINCIPAL--NOMBRE PERSONAL | |
| Nombre de persona | Kagan, Dona M. |
| 222 ## - TÍTULO CLAVE | |
| Título clave | EDUCATIONAL LEADERSHIP |
| 245 ## - MENCIÓN DE TÍTULO | |
| Título | Snapshots from high school : teachers' vs. professors' views |
| 300 ## - DESCRIPCIÓN FÍSICA | |
| Extensión | 28-31 |
| 362 ## - FECHAS DE PUBLICACIÓN Y/O DESIGNACIÓN SECUENCIAL | |
| Fecha de publicación y/o designación secuencial | 1993 50, no. 6 |
| 653 0# - TERMINO DE INDIZACION - NO CONTROLADO | |
| Término no controlado | ACTITUD DOCENTE |
| 653 0# - TERMINO DE INDIZACION - NO CONTROLADO | |
| Término no controlado | METODOS DE ENSE\197ANZA |
| 653 0# - TERMINO DE INDIZACION - NO CONTROLADO | |
| Término no controlado | PROFESORES |
| 653 0# - TERMINO DE INDIZACION - NO CONTROLADO | |
| Término no controlado | RELACION TEORIA-PRACTICA |
| 653 0# - TERMINO DE INDIZACION - NO CONTROLADO | |
| Término no controlado | TECNICAS DE ENSE\197ANZA |
| 904 ## - ELEMENTOS DE DATOS D LOCAL, LDD (RLIN) | |
| a | AC |
| b | 038110 |
| 905 ## - TIPO DE MATERIAL | |
| Tipo de material | Articulo |
No items available.
